| 000 | 00789nam a22002297a 4500 | ||
|---|---|---|---|
| 003 | OSt | ||
| 005 | 20250916145259.0 | ||
| 008 | 250916t2002 mx ||||r|||| 00| 0 spa d | ||
| 020 | _a950-557-664-1 | ||
| 040 | _cbesoc | ||
| 080 | _0028.5(-053.4) | ||
| 100 | 1 |
_aAbreu, Márcia, _d1963- _eautor |
|
| 245 | 1 | 3 |
_a¿Qué y por qué están leyendo los niños y jóvenes de hoy? / _cMárcia Abreu. El lector en el libro : ideas en torno a cuatro metáforas de lector y lectura en los libros para niños y jóvenes / Brenda Bellorín. |
| 250 | _a1a ed. | ||
| 260 |
_aMéxico : _bConaculta, _c2003. |
||
| 300 |
_a62 p. ; _c21 cm. |
||
| 490 | 0 |
_aLecturas Sobre Lecturas _v5 |
|
| 650 | 4 |
_aNiños _xLibros y lecturas |
|
| 650 | 4 | _aLectura | |
| 700 | 1 |
_aBellorín, Brenda. _eautor |
|
| 942 |
_2udc _cOG _n0 |
||
| 999 |
_c584 _d584 |
||